| Tag |
First Indicator |
Second Indicator |
Subfields |
| LEADER |
00000cam a2200000Ia 4500 |
| 001 |
in00002782316 |
| 006 |
m d |
| 007 |
cr cnu---unuuu |
| 008 |
100318s2009 cauab obe s001 0 eng d |
| 005 |
20250816212831.3 |
| 019 |
|
|
|a 498135510
|a 646846791
|a 741346490
|
| 020 |
|
|
|a 9780520944718 (electronic bk.)
|
| 020 |
|
|
|a 0520944712 (electronic bk.)
|
| 020 |
|
|
|a 9786612359910
|
| 020 |
|
|
|a 6612359919
|
| 020 |
|
|
|z 9780520255227 (cloth : alk. paper)
|
| 020 |
|
|
|z 0520255224 (cloth : alk. paper)
|
| 035 |
|
|
|a (OCoLC)ocn558881171
|
| 035 |
|
|
|a (OCoLC)558881171
|z (OCoLC)498135510
|z (OCoLC)646846791
|z (OCoLC)741346490
|
| 040 |
|
|
|a N$T
|b eng
|c N$T
|d YDXCP
|d CDX
|d OCLCA
|d IDEBK
|d E7B
|d OCLCQ
|d EBLCP
|d TXA
|d UtOrBLW
|
| 041 |
1 |
|
|a eng
|h ita
|
| 043 |
|
|
|a e-it---
|
| 049 |
|
|
|a TXAM
|
| 050 |
|
4 |
|a TX394.5
|b .Z35 2009eb
|
| 072 |
|
7 |
|a TEC
|x 012000
|2 bisacsh
|
| 082 |
0 |
4 |
|a 664/.755
|2 22
|
| 100 |
1 |
|
|a Zanini De Vita, Oretta,
|d 1936-
|
| 240 |
1 |
0 |
|a Pasta, atlante dei prodotti tipici.
|l English
|
| 245 |
1 |
0 |
|a Encyclopedia of pasta /
|c Oretta Zanini De Vita ; translated by Maureen B. Fant ; with a foreword by Carol Field.
|
| 264 |
|
1 |
|a Berkeley, Calif. :
|b University of California Press,
|c [2009]
|
| 264 |
|
4 |
|c ©2009
|
| 300 |
|
|
|a 1 online resource (xxi, 374 pages) :
|b illustrations, map.
|
| 336 |
|
|
|a text
|b txt
|2 rdacontent
|
| 337 |
|
|
|a computer
|b c
|2 rdamedia
|
| 338 |
|
|
|a online resource
|b cr
|2 rdacarrier
|
| 490 |
1 |
|
|a California studies in food and culture ;
|v 26
|
| 504 |
|
|
|a Includes bibliographical references and index.
|
| 546 |
|
|
|a Translated from the Italian.
|
| 505 |
0 |
|
|a Cover -- Table of Contents -- Foreword -- Preface to the English-Language Edition -- Translator's Preface -- Voyage in the Pasta Universe -- Introduction to the First Italian Edition -- Traditional Italian Pasta Shapes A to Z -- Glossary -- Notes -- Bibliography -- Index of Pasta Names -- General Index.
|
| 520 |
|
|
|a Spaghetti, gnocchi, tagliatellea, ravioli, vincisgrassi, strascinati--pasta in its myriad forms has been a staple of the Mediterranean diet longer than bread. This beautiful volume is the first book to provide a complete history of pasta in Italy, telling its long story via the extravagant variety of shapes it takes and the even greater abundance of names by which it is known. Food scholar Oretta Zanini De Vita traveled to every corner of her native Italy, recording oral histories, delving into long-forgotten family cookbooks, and searching obscure archives to produce this rich and uniquely personal compendium of historical and geographical information. For each entry she includes the primary ingredients, preparation techniques, variant names for the same pasta, and the locality where it is made and eaten. Along the way, Zanini De Vita debunks such culinary myths as Marco Polo's supposed role in pasta's story even as she serves up a feast of new information. Encyclopedia of Pasta, illustrated throughout with original drawings by Luciana Marini, will be the standard reference on one of the world's favorite foods for many years to come, engaging and delighting both general readers and food professionals.
|
| 588 |
|
|
|a Description based on print version record.
|
| 500 |
|
|
|a Electronic resource.
|
| 650 |
|
0 |
|a Pasta products
|z Italy
|v Encyclopedias.
|
| 650 |
|
0 |
|a Pasta products
|z Italy
|x History.
|
| 650 |
|
0 |
|a Cooking (Pasta)
|
| 650 |
|
7 |
|a TECHNOLOGY & ENGINEERING
|x Food Science.
|2 bisacsh
|
| 655 |
|
7 |
|a Electronic books.
|2 local
|
| 700 |
1 |
|
|a Fant, Maureen B.
|
| 700 |
1 |
|
|a Field, Carol.
|
| 776 |
0 |
8 |
|i Print version:
|a Zanini De Vita, Oretta, 1936-
|s Pasta, atlante dei prodotti tipici. English.
|t Encyclopedia of pasta.
|d Berkeley, Calif. : University of California Press, c2009
|z 9780520255227
|w (DLC) 2009010522
|w (OCoLC)317461654
|
| 830 |
|
0 |
|a California studies in food and culture ;
|v 26.
|
| 856 |
4 |
0 |
|u https://ebookcentral.proquest.com/lib/tamucs/detail.action?docID=837326
|y Connect to the full text of this electronic book
|t 0
|
| 948 |
|
|
|a cataloged
|b h
|c 2012/5/30
|d c
|e agaffey
|f 2:07:22 pm
|
| 994 |
|
|
|a C0
|b TXA
|
| 999 |
f |
f |
|s c354f5a1-1ac1-387d-ad7c-eea1b018af90
|i ebda09c6-4539-3113-8096-6b313e1cf6ac
|t 0
|
| 999 |
|
|
|a MARS
|
| 952 |
f |
f |
|a Texas A&M University
|b College Station
|c Electronic Resources
|d Available Online
|t 0
|e TX394.5 .Z35 2009eb
|h Library of Congress classification
|
| 998 |
f |
f |
|a TX394.5 .Z35 2009eb
|t 0
|l Available Online
|